Le Puy-de-Dôme en images - Statistiques

Statistiques générales
  • Ce quiz a été pris 144 fois
  • Le résultat moyen est 10 sur 18
Statistiques - réponses
Par images Hint Réponse % Correct
Entreprise Michelin
100%
Commune Clermont-Ferrand
99%
Nom du massif montagneux Massif central
95%
Commune également connue sous le nom d'une marque de bouteille d'eau Volvic
91%
Parc d'attraction Vulcania
88%
Fromage Saint-Nectaire
81%
Mathématicien, physicien, philosophe Blaise Pascal
70%
Rivière Allier
64%
Festival international Festival du court métrage
53%
Spécialité Potée auvergnate
49%
Nom d'un célèbre peuple celte de la Gaule indépendante Arvernes
43%
Surnom donné à un grand ensemble construit en 1961 et détruit en 2023 Muraille de Chine
42%
Journaliste sportive Laure Boulleau
26%
Basilique classé au patrimoine mondial de l'UNESCO Basilique Notre-Dame-du-Port de Clermont-Ferrand
18%
Lac Lac de Servières
14%
Terre volcanique Les Monts Dore
12%
Roi ayant participé au pillage de l'ancienne capitale auvergnate Pépin le Bref
7%
Botaniste Henri Lecoq
5%
Aucun quiz correspondant
Distribution des résultats
% des personnes avec chaque résultat
Percentile par nombre de réponses
Votre historique - résultats
Vous n’avez pas pris ce quiz